000 00511nam a2200193 a 4500
005 20210219153102.0
008 991125n 000 0 spa u
035 _aUPN01000077246
100 _aCASTILLO, Isidro
222 _aCOMUNICACION EDUCATIVA
245 _aLa escuela en el México rural : [comunidad rural]
300 _a29
362 _a1982 Año 3, no. 16 (feb.)
653 0 _aCOMUNICACION RURAL
653 0 _aEDUCACION RURAL
653 0 _aMEXICO
904 _aAC
_b015057
905 _aArticulo
999 _c68081
_d68081